| 000 | 00965nas a2200289 4500 | ||
|---|---|---|---|
| 001 | BR0701129 | ||
| 003 | BR-BrBNA | ||
| 005 | 20231205110619.0 | ||
| 007 | ta | ||
| 008 | 230509b bl.|||p| |||| 00| 00por d | ||
| 040 |
_aBR-BrBNA _bpor _cBiblioteca Nacional de Agricultura |
||
| 041 | _a(Pt) | ||
| 072 | _aQ04; Q03 | ||
| 100 | 1 | _aOliveira, A.L.B. | |
| 245 | 1 | _aEstratificação para a inclusão: Enxergar as diferenças para uma efetiva rede de laboratórios | |
| 650 | _aSEGURANÇA ALIMENTAR | ||
| 650 | _aCONTROLE DE QUALIDADE | ||
| 650 | _aINSPEÇÃO SANITÁRIA | ||
| 650 | _aLABORATÓRIO | ||
| 650 | _aANÁLISE DE LABORATÓRIO | ||
| 650 | _aNUTRIÇÃO HUMANA | ||
| 650 | _aAPPCC | ||
| 773 | 0 |
_tRevista de Política Agrícola (Brazil) _xISSN 1413-4969 _g(Apr-Jun 2006), v. 15(2) p. 63-68 _wBR0701129 |
|
| 856 | 4 |
_uRev_Pol_Agr_v15_n2-2006.pdf#page=64 _yRecurso eletrônico (PDF) |
|
| 909 |
_a202311 _bLúcia _c55 _dLúcia Elande |
||
| 942 |
_2AGRIS _n0 _cANA |
||
| 999 |
_c188182 _d188182 |
||